|
|
|
|
| LEADER |
00000naa2a2200000 4500 |
| 001 |
212159 |
| 005 |
20231226092011.0 |
| 035 |
|
|
|a (RuTPU)RU\TPU\book\231788
|
| 035 |
|
|
|a RU\TPU\tpu\20914
|
| 090 |
|
|
|a 212159
|
| 100 |
|
|
|a 20120322d2007 k y0rusy50 ca
|
| 101 |
0 |
|
|a rus
|
| 102 |
|
|
|a RU
|
| 200 |
1 |
|
|a Essential geology - a new course design
|f R. N. Abramova, O. V. Rozhkova, A.Y. Falk
|
| 461 |
|
0 |
|0 (RuTPU)RU\TPU\book\169986
|t Прикладная филология и инженерное образование
|o сборник научных трудов и материалов V Международной научно-практической конференции, Томск 2007 г.
|f Томский политехнический университет (ТПУ), Институт международного образования (ИМО) ; под ред. В. В. Максимова, И. А. Черемисиной, О. А. Казаковой
|d 2007
|
| 463 |
|
0 |
|0 (RuTPU)RU\TPU\book\168787
|t Ч. 1
|v С. 10-15
|d 2007
|p 293 с.
|
| 610 |
1 |
|
|a труды учёных ТПУ
|
| 700 |
|
1 |
|a Abramova
|b R. N.
|c linguist
|c Associate Professor of Tomsk Polytechnic Universit
|f 1950-
|g Raisa Nikolaevna
|3 (RuTPU)RU\TPU\pers\31022
|
| 701 |
|
1 |
|a Rozhkova
|b O. V.
|c mathematician
|c Associate Professor of Tomsk Polytechnic University, Candidate of physical and mathematical sciences
|f 1966-
|g Olga Vladimirovna
|3 (RuTPU)RU\TPU\pers\34773
|9 18122
|
| 701 |
|
1 |
|a Falk
|b A. Yu.
|c geologist
|c Associate Professor of Tomsk Polytechnic University, Candidate of geological and mineralogical science
|f 1977-
|g Alla Yurievna
|3 (RuTPU)RU\TPU\pers\31039
|
| 801 |
|
1 |
|a RU
|b 63413507
|c 20120322
|
| 801 |
|
2 |
|a RU
|b 63413507
|c 20151112
|g RCR
|
| 942 |
|
|
|c BK
|